Taylor Swift - Paroles Now That We Don't Talk - Statistiques

Statistiques générales
  • Ce quiz a été pris 86 fois
  • Le résultat moyen est 248 sur 283
Statistiques - réponses
Hint Réponse % Correct
be
100%
do
100%
Don't
100%
don't
100%
I
100%
It
100%
it
100%
my
100%
Now
100%
talk
100%
that
100%
the
100%
we
100%
a
98%
mom,
98%
she
98%
to
98%
was
98%
Was
98%
best
97%
for
97%
get
97%
Couplet 1 | Couplet 2 You
97%
you
97%
ever
95%
me
95%
said
95%
say
95%
way
95%
when
95%
your
95%
from
94%
guess
94%
Guess
94%
know
94%
never,
94%
of
94%
(of
94%
And
92%
call
92%
heard
92%
On
92%
on
92%
everybody
91%
got
91%
hair
91%
have
91%
home?
91%
like
91%
long
91%
part
91%
party
91%
Did
89%
friend
89%
went
89%
less
88%
new
88%
I'll
86%
what
86%
Bridge What
86%
anxious
84%
grew
84%
icons
84%
miss
84%
off
84%
(off
84%
pretend
84%
But
83%
old
83%
So
83%
want
83%
ways
83%
change
81%
chest
81%
chest)
81%
cost
81%
didn't
81%
even
81%
gave,
81%
lost
81%
lost)
81%
more
81%
though
81%
myself
80%
pay
80%
price
80%
started
80%
you're
80%
is
78%
outside
78%
rock
78%
Remind
77%
cannot
75%
looks
75%
who
75%
mega
73%
tell
73%
friends
72%
how
72%
just
72%
Just
72%
Red
72%
am
70%
better
70%
dignity
70%
important
70%
tryin'
70%
with
70%
With
70%
you'd
70%
acid
69%
can't
69%
it's
69%
men
69%
think
69%
this
69%
were
69%
yacht
69%
I'd
67%
Or
67%
back
66%
lives
66%
mystery
66%
crowd
64%
only
64%
Sea
64%
thoughts
63%
chasing
61%
had
61%
left
59%
left)
59%
been
58%
into
55%
maybe
55%
Truth
52%
weekends
52%
turn
50%
'til
48%
('til
48%
faded
47%
ended
44%
shrouded
44%
Platonic,
42%
Shared
36%
dinners,
31%
Aucun quiz correspondant
Distribution des résultats
% des personnes avec chaque résultat
Percentile par nombre de réponses
Votre historique - résultats
Vous n’avez pas pris ce quiz